00000000nas 2200000zi 4500
0019.947060
003CaOODSP
00520250303164236
006m     o  d f      
007cr |||||||||||
008250117d19211921oncar p o    f0###a0eng|d
040 |aCaOODSP|beng|erda|cCaOODSP
043 |an-cn---
0861 |aA51-148E-PDF
1101 |aCanada. |bCereal Division, |eauthor, |eissuing body.
24510|aInterim report of the Dominion Cerealist ... for the year ending ... / |bCereal Division.
2461 |aCereal division : |binterim report of the Dominion Cerealist ... for the year ...
264 1|aOttawa : |bMinister of Agriculture
310 |aAnnual
336 |atext|btxt|2rdacontent
337 |acomputer|bc|2rdamedia
338 |aonline resource|bcr|2rdacarrier
3621 |aCeased with: 1921.
500 |aIssued also in French under title: Rapport préliminaire du Céréaliste du Dominion ...
500 |aDigitized edition from print [provided by Agriculture and Agri-Food Canada].
588 |aDescription based on: March 31, 1921; title from PDF title page.
588 |aLatest issue consulted: 1921.
61015|aCanada. |bCereal Division|vPeriodicals.
650 0|aGrain|xResearch|zCanada|vPeriodicals.
655 7|aPeriodicals|2lcgft
7102 |aDominion Experimental Farms and Stations (Canada), |eissuing body.
77508|tRapport préliminaire du Céréaliste du Dominion ... / |w(CaOODSP)9.947248
78500|tReport of the Dominion Cerealist ... for the year ... / |w(CaOODSP)9.948653